Statystyki dla Ahrix - Wszystkie piosenki

Kliknij tutaj aby rozwiązać quiz!

Ogólne statystyki

  • Ten quiz został rozwiązany 2 razy
  • Średni wynik to 9 z 30

Statystyki odpowiedzi

Tytuł piosenki% Poprawnych
Nova
100%
A New Start
50%
Believe
50%
Courage
50%
Daydream
50%
Never Alone
50%
Dreams
50%
End Of Time
50%
Everdream
50%
Imagine
50%
Memories
50%
Pure
50%
Snowbound
50%
The Dreamer
50%
We Don't Know
50%
Your Story
50%
Cerpe Diem
0%
Euphoria
0%
Evolving
0%
Forgiven
0%
Hope
0%
Left Behind
0%
Moments
0%
New Era
0%
Raising
0%
Reborn
0%
Relief
0%
Resolve
0%
Serenity
0%
Unite
0%

Rozkład punktacji

Percentyl według liczby udzielonych odpowiedzi

Procent ludzi z każdym wynikiem

Twoja historia wyników

Nie rozwiązałeś tego quizu